Об исключении из Ленинградского Восточного Института Богатырева

Доступно только в Электронных читальных залах Найти на картеНа карте
RUSMARC
00004381nac2a22003013x 450
001e75b37f9-87d4-4099-97e9-0e0cc546acf0
00520230630201019.0
100##$a20230605l19291929k y0rusy50 ca
1010#$arus
102##$aRU
105##$ay z |||||
1222#$ad19290602
$ad19290719
2001#$aОб исключении из Ленинградского Восточного Института Богатырева
$j02.06.1929 - 19.07.1929
215##$a7 листов
$d35,7 х 24,2
251##$cДело
300##$aЗаголовок дела на папке: Об исключении из Ленинградского Восточного Института Богатырева М.
300##$aНа папке дела: 12 июня 1929 г. - 19 июля 1929 г.
300##$aВ деле обратная нумерация листов
300##$aЧасть текста машинописная и рукописная, часть - напечатана типографским способом
461#0$1001796d4672-8a00-4986-b488-6e42273792cc
$12001
$aЦЕНТРАЛЬНЫЙ ИСПОЛНИТЕЛЬНЫЙ КОМИТЕТ СССР (ЦИК СССР).
$1251
$cФонд
$1852
$gР
$j3316
462#0$10016e6e8ba4-e15f-4ad4-8937-f1e88c150bfe
$12001
$aДела Секретариата Президиума ЦИК Союза ССР. 1929 г.
$vД. 1156
$1251
$cОпись
$1852
$j22
5171#$aОб исключении из Ленинградского Восточного Института Богатырева М.
600#1$aБогатырев
$bМ.
60101$3RU\NLR\AUTH\880357276
$aСССР
$bЦИК
60102$3RU\NLR\AUTH\8810001212
$aЛенинградский восточный институт
801#0$aRU
$bGA_RF
801#1$aRU
$bГлавНИВЦ
$c20230605
$2rusmarc
801#2$aRU
$bПБ им. Б.Н. Ельцина
$c20230630
$gRCR
$2rusmarc
852##$aГА РФ
$j1156
937##$d185905355
$hГАРФ
035##$aRuPRLIB51072189
856##$uhttp://readingroom.main.prlib.ru/item.aspx?id_node=n185905355&mode=full
Формат отображения